| 000 | 00541nam a22001577a 4500 | ||
|---|---|---|---|
| 003 | NUST | ||
| 082 | _a200 | ||
| 100 |
_aAhmed, Syed Ashhab Ur Rahman Iqbal _9114358 |
||
| 245 |
_aEvaluating the Potential of Home Energy Management Systems/ _cSyed Ashhab Ur Rahman Iqbal Ahmed, |
||
| 264 |
_aIslamabad : _bSEECS, NUST, _c2023. |
||
| 300 |
_a69 p. ; _c30 cm. |
||
| 650 |
_aMS- Electrical Engineering _923567 |
||
| 700 |
_aSupervisor: Dr Usman Ali _970055 |
||
| 856 | _uhttp://10.250.8.41:8080/xmlui/handle/123456789/34160 | ||
| 942 |
_2ddc _cSC |
||
| 999 |
_c595710 _d595710 |
||